00300 a2200109 4500001000700000020000600007040001100013100001600024240007300040245006800113362000900181158543 a  cMagnum aLevi, Peter10aGrandes imperios e civilizacoes: grecia berco de ocidente - v.2lpor10aGrandes imperios e civilizacoes: grecia berco de ocidente - v.20 a1899